书目信息 |
| 题名: |
像美国总统一样说英语
|
|
| 作者: | 黎小说 , 高民芳 主编 | |
| 分册: | ||
| 出版信息: | 上海 上海交通大学出版社 2010.07 |
|
| 页数: | 702页 | |
| 开本: | 23cm | |
| 丛书名: | ||
| 单 册: | ||
| 中图分类: | H319.4:D | |
| 科图分类: | ||
| 主题词: | 英语--ying yu--自学参考资料 , 总统--zong tong--演讲--美国--选集 | |
| 电子资源: | ||
| ISBN: | 978-7-313-06595-7 | |
| 000 | 01073nam0 2200265 450 | |
| 001 | 012011062476 | |
| 005 | 20110428075817.81 | |
| 010 | @a978-7-313-06595-7@dCNY38.80 | |
| 100 | @a20110427d2010 em y0chiy0120 ea | |
| 101 | 0 | @achi@aeng |
| 102 | @aCN@b310000 | |
| 105 | @aac z 000yy | |
| 106 | @ar | |
| 200 | 1 | @a像美国总统一样说英语@Axiang mei guo zong tong yi yang shuo ying yu@e美国历届总统就职演讲全集@f黎小说, 高民芳主编@Fli xiao shuo,gao min fang zhu bian |
| 210 | @a上海@c上海交通大学出版社@d2010.07 | |
| 215 | @a702页@c图, 肖像@d23cm | |
| 330 | @a本书汇集了从乔治·华盛顿到巴拉克·奥巴马美国历届总统就职演讲。详细的词汇注释,精当的人物简介和历史背景讲解,带你了解美国历史文化,掌握英语精髓。 | |
| 517 | 1 | @a美国历届总统就职演讲全集@Amei guo li jie zong tong jiu zhi yan jiang quan ji |
| 606 | 0 | @a英语@Aying yu@j自学参考资料 |
| 606 | 0 | @a总统@Azong tong@x演讲@y美国@j选集 |
| 690 | @aH319.4:D@v4 | |
| 701 | 0 | @a黎小说@Ali xiao shuo@4主编 |
| 701 | 0 | @a高民芳@Agao min fang@4主编 |
| 801 | 0 | @aCN@bQSSK@c20110428 |
| 905 | @b792838-40@dH319.4:D@eL112@f3 | |
| 像美国总统一样说英语:美国历届总统就职演讲全集/黎小说, 高民芳主编.-上海:上海交通大学出版社,2010.07 |
| 702页:图, 肖像;23cm |
| ISBN 978-7-313-06595-7:CNY38.80 |
| 本书汇集了从乔治·华盛顿到巴拉克·奥巴马美国历届总统就职演讲。详细的词汇注释,精当的人物简介和历史背景讲解,带你了解美国历史文化,掌握英语精髓。 |
| ● |
| 相关链接 |
|
|
|
正题名:像美国总统一样说英语
索取号:H319.4:D/L112
 
预约/预借
| 序号 | 登录号 | 条形码 | 馆藏地/架位号 | 状态 | 备注 |
| 1 | 792838 | 207928386 | 语言库209/209语言库 52排2列4层/ [索取号:H319.4:D/L112] | 在馆 | |
| 2 | 792839 | 207928395 | 语言库209/209语言库 52排2列4层/ [索取号:H319.4:D/L112] | 在馆 | |
| 3 | 792840 | 207928402 | 语言库209/209语言库 52排2列4层/ [索取号:H319.4:D/L112] | 在馆 |